[Event "9th Bangabandhu Rapid Women 2021"]
[Site "Dhaka"]
[Date "2021.04.02"]
[Round "2.4"]
[White "Jannatul, Ferdous"]
[Black "Talukder, Umme Taslima Protiva"]
[Result "1-0"]
[WhiteElo "1781"]
[BlackElo "1698"]
[Annotator "NA"]
[PlyCount "128"]
[EventDate "2021.04.02"]
[EventType "swiss"]
[EventCountry "BAN"]
[SourceTitle "playchess.com"]
[Source "ChessBase"]
[SourceQuality "1"]
[TimeControl "1500+10"]

1. e4 {[%emt 0:25:10]} c5 {[%emt 0:25:10]} 2. Nf3 {[%emt 0:00:10]} d6 {[%emt 0:00:10]} 3. d4 {[%emt 0:00:10]} cxd4 {[%emt 0:00:10]} 4. Nxd4 {[%emt 0:00:10]} a6 {[%emt 0:00:10]} 5. Nc3 {[%emt 0:00:10]} Nf6 {[%emt 0:00:10]} 6. Be3 {[%emt 0:00:10]} e6 {[%emt 0:00:10]} 7. Bd3 {[%emt 0:00:10]} Be7 {[%emt 0:00:10]} 8. O-O {[%emt 0:00:10]} O-O {[%emt 0:00:10]} 9. Kh1 {[%emt 0:00:10]} Nc6 {[%emt 0:00:10]} 10. f4 {[%emt 0:00:10]} e5 {[%emt 0:00:10]} 11. Nb3 {[%emt 0:00:10]} Nb4 {[%emt 0:00:10]} 12. a3 {[%emt 0:00:10]} Nxd3 {[%emt 0:00:10]} 13. cxd3 {[%emt 0:00:10]} Bg4 {[%emt 0:00:10]} 14. Qd2 {[%emt 0:00:10]} Be6 {[%emt 0:00:10]} 15. Qd1 {[%emt 0:00:10]} Rc8 {[%emt 0:00:10]} 16. f5 {[%emt 0:00:10]} Bd7 {[%emt 0:00:10]} 17. Qf3 {[%emt 0:00:10]} Bc6 {[%emt 0:00:10]} 18. Qg3 {[%emt 0:00:10]} Nh5 {[%emt 0:00:10]} 19. Qf3 {[%emt 0:00:10]} Nf6 {[%emt 0:00:10]} 20. Qg3 {[%emt 0:00:10]} Nh5 {[%emt 0:00:10]} 21. Qf3 {[%emt 0:00:10]} Nf6 {[%emt 0:00:10]} 22. Qg3 {[%emt 0:00:10]} Re8 {[%emt 0:00:10]} 23. Rad1 {[%emt 0:00:10]} Bf8 {[%emt 0:00:10]} 24. Nd2 {[%emt 0:00:10]} d5 {[%emt 0:00:10]} 25. exd5 {[%emt 0:00:10]} Bxd5 {[%emt 0:00:10]} 26. Nde4 {[%emt 0:00:10]} Bb3 {[%emt 0:00:10]} 27. Rd2 {[%emt 0:00:10]} Kh8 {[%emt 0:00:10]} 28. h3 {[%emt 0:00:10]} Qc7 {[%emt 0:00:10]} 29. Nxf6 {[%emt 0:00:10]} gxf6 {[%emt 0:00:10]} 30. Ne4 {[%emt 0:00:10]} Be7 {[%emt 0:00:10]} 31. Qh4 {[%emt 0:00:10]} Qc6 {[%emt 0:00:10]} 32. Rdf2 {[%emt 0:00:10]} Rg8 {[%emt 0:00:10]} 33. Rc1 {[%emt 0:00:10]} Qd7 {[%emt 0:00:10]} 34. Rxc8 {[%emt 0:00:10]} Qxc8 {[%emt 0:00:10]} 35. Nxf6 {[%emt 0:00:10]} Bxf6 {[%emt 0:00:10]} 36. Qxf6+ {[%emt 0:00:10]} Rg7 {[%emt 0:00:10]} 37. Bh6 {[%emt 0:00:10]} Qg8 {[%emt 0:00:10]} 38. Bxg7+ {[%emt 0:00:10]} Qxg7 {[%emt 0:00:10]} 39. Qxg7+ {[%emt 0:00:10]} Kxg7 {[%emt 0:00:10]} 40. f6+ {[%emt 0:00:10]} Kg6 {[%emt 0:00:10]} 41. g4 {[%emt 0:00:10]} h5 {[%emt 0:00:10]} 42. Kh2 {[%emt 0:00:10]} h4 {[%emt 0:00:10]} 43. Rf5 {[%emt 0:00:10]} Bc2 {[%emt 0:00:10]} 44. Rxe5 {[%emt 0:00:10]} Kxf6 {[%emt 0:00:10]} 45. Rh5 {[%emt 0:00:10]} Bxd3 {[%emt 0:00:10]} 46. Rxh4 {[%emt 0:00:10]} Bg6 {[%emt 0:00:10]} 47. Rh8 {[%emt 0:00:10]} Ke5 {[%emt 0:00:10]} 48. Kg3 {[%emt 0:00:10]} Kd4 {[%emt 0:00:10]} 49. Rc8 {[%emt 0:00:10]} Be4 {[%emt 0:00:10]} 50. Rc1 {[%emt 0:00:10]} Kd3 {[%emt 0:00:10]} 51. h4 {[%emt 0:00:10]} b5 {[%emt 0:00:10]} 52. g5 {[%emt 0:00:10]} a5 {[%emt 0:00:10]} 53. h5 {[%emt 0:00:10]} b4 {[%emt 0:00:10]} 54. axb4 axb4 {[%emt 0:00:10]} 55. Kf4 {[%emt 0:00:20]} Bh7 {[%emt 0:00:10]} 56. Rg1 {[%emt 0:00:10]} Kc2 {[%emt 0:00:10]} 57. Rg2+ Kd3 {[%emt 0:00:10]} 58. Ke5 {[%emt 0:00:20]} Be4 {[%emt 0:00:10]} 59. Rh2 {[%emt 0:00:10]} Bh7 {[%emt 0:00:10]} 60. Kf6 {[%emt 0:00:10]} b3 {[%emt 0:00:10]} 61. Kg7 {[%emt 0:00:10]} Be4 {[%emt 0:00:10]} 62. h6 {[%emt 0:00:10]} Kc4 {[%emt 0:00:10]} 63. h7 {[%emt 0:00:10]} Bc2 {[%emt 0:00:10]} 64. h8=Q Kd5 {[%emt 0:00:10]} 1-0

[Event "9th Bangabandhu Rapid Women 2021"]
[Site "Dhaka"]
[Date "2021.04.02"]
[Round "3.1"]
[White "Nusrat Jahan, Alo"]
[Black "Noshin, Anjum"]
[Result "0-1"]
[WhiteElo "1806"]
[BlackElo "1874"]
[Annotator "NA"]
[PlyCount "74"]
[EventDate "2021.04.02"]
[EventType "swiss"]
[EventCountry "BAN"]
[SourceTitle "playchess.com"]
[Source "ChessBase"]
[SourceQuality "1"]
[TimeControl "1500+10"]

1. e4 {[%emt 0:00:00]} e5 {[%emt 0:00:00]} 2. Nf3 {[%emt 0:00:00]} Nc6 {[%emt 0:00:00]} 3. Bc4 {[%emt 0:00:00]} Bc5 {[%emt 0:00:00]} 4. c3 {[%emt 0:00:00]} Nf6 {[%emt 0:00:00]} 5. d4 {[%emt 0:00:02]} exd4 {[%emt 0:00:00]} 6. e5 {[%emt 0:00:01]} d5 {[%emt 0:00:01]} 7. Bb5 {[%emt 0:00:02]} Ne4 {[%emt 0:00:01]} 8. cxd4 {[%emt 0:00:06]} Bb6 {[%emt 0:00:03]} 9. Bxc6+ {[%emt 0:00:41]} bxc6 {[%emt 0:00:02]} 10. O-O {[%emt 0:00:26]} O-O {[%emt 0:00:16]} 11. h3 {[%emt 0:00:38]} f6 {[%emt 0:00:08]} 12. Nc3 {[%emt 0:01:19]} Ba6 {[%emt 0:01:14]} 13. Re1 {[%emt 0:00:51]} fxe5 {[%emt 0:00:14]} 14. Nxe4 {[%emt 0:01:14]} dxe4 {[%emt 0:00:01]} 15. Rxe4 {[%emt 0:00:31]} exd4 {[%emt 0:00:02]} 16. Bg5 {[%emt 0:02:36]} Qd5 {[%emt 0:01:58]} 17. Re5 {[%emt 0:00:37]} Qc4 {[%emt 0:01:51]} 18. b3 {[%emt 0:03:00]} Qf7 {[%emt 0:02:37]} 19. Be7 {[%emt 0:04:56]} Rfe8 {[%emt 0:00:44]} 20. Ng5 {[%emt 0:00:09]} Qf4 {[%emt 0:04:54]} 21. Qh5 {[%emt 0:01:16]} Bd3 {[%emt 0:00:11]} 22. Rae1 {[%emt 0:04:14]} Bg6 {[%emt 0:00:14]} 23. Qd1 {[%emt 0:00:46]} Rxe7 {[%emt 0:00:43]} 24. Rxe7 {[%emt 0:00:36]} Qxg5 {[%emt 0:00:03]} 25. R1e5 {[%emt 0:00:52]} Qh4 {[%emt 0:02:46]} 26. Qe2 {[%emt 0:01:09]} h6 {[%emt 0:01:57]} 27. Qc4+ {[%emt 0:00:19]} Kh7 {[%emt 0:00:22]} 28. Qxc6 {[%emt 0:03:19]} Rf8 {[%emt 0:00:12]} 29. g3 {[%emt 0:00:00]} Qf6 {[%emt 0:01:06]} 30. Qg2 {[%emt 0:00:00]} d3 {[%emt 0:00:14]} 31. R7e6 {[%emt 0:00:00]} Qxf2+ {[%emt 0:00:12]} 32. Qxf2 {[%emt 0:00:04]} Bxf2+ {[%emt 0:00:04]} 33. Kg2 {[%emt 0:00:01]} d2 {[%emt 0:00:41]} 34. Rd5 {[%emt 0:00:08]} Bf7 {[%emt 0:00:28]} 35. Rxd2 {[%emt 0:00:02]} Bxe6 {[%emt 0:00:01]} 36. Rxf2 {[%emt 0:00:02]} Rxf2+ {[%emt 0:00:03]} 37. Kxf2 {[%emt 0:00:02]} Bxh3 {[%emt 0:00:07]} 0-1

[Event "9th Bangabandhu Rapid Women 2021"]
[Site "Dhaka"]
[Date "2021.04.02"]
[Round "3.2"]
[White "Ahmed, Walijah"]
[Black "Jannatul, Ferdous"]
[Result "1-0"]
[WhiteElo "1840"]
[BlackElo "1781"]
[Annotator "NA"]
[PlyCount "83"]
[EventDate "2021.04.02"]
[EventType "swiss"]
[EventCountry "BAN"]
[SourceTitle "playchess.com"]
[Source "ChessBase"]
[SourceQuality "1"]
[TimeControl "1500+10"]

1. e4 {[%emt 0:00:00]} c5 {[%emt 0:00:00]} 2. Nf3 {[%emt 0:00:00]} Nc6 {[%emt 0:00:00]} 3. d4 {[%emt 0:00:00]} cxd4 {[%emt 0:00:00]} 4. Nxd4 {[%emt 0:00:00]} Nf6 {[%emt 0:00:01]} 5. Nc3 {[%emt 0:00:03]} e5 {[%emt 0:00:32]} 6. Ndb5 {[%emt 0:00:04]} d6 {[%emt 0:00:02]} 7. Bg5 {[%emt 0:00:14]} a6 {[%emt 0:00:05]} 8. Na3 {[%emt 0:00:02]} b5 {[%emt 0:00:02]} 9. Nd5 {[%emt 0:00:19]} Be7 {[%emt 0:00:03]} 10. Bxf6 {[%emt 0:00:04]} Bxf6 {[%emt 0:00:02]} 11. c3 {[%emt 0:00:06]} Bg5 {[%emt 0:00:07]} 12. Nc2 {[%emt 0:00:19]} Ne7 {[%emt 0:00:06]} 13. h4 {[%emt 0:00:59]} Bh6 {[%emt 0:01:00]} 14. Nce3 {[%emt 0:00:37]} Bxe3 {[%emt 0:00:17]} 15. Nxe3 {[%emt 0:00:22]} Bb7 {[%emt 0:01:24]} 16. Bd3 {[%emt 0:01:41]} d5 {[%emt 0:04:18]} 17. exd5 {[%emt 0:03:47]} Nxd5 {[%emt 0:00:03]} 18. Nxd5 {[%emt 0:00:25]} Qxd5 {[%emt 0:02:40]} 19. f3 {[%emt 0:00:45]} Qc5 {[%emt 0:00:49]} 20. Qe2 {[%emt 0:00:25]} O-O {[%emt 0:00:27]} 21. Qf2 {[%emt 0:00:14]} Qc7 {[%emt 0:00:55]} 22. O-O {[%emt 0:01:33]} Rae8 {[%emt 0:01:27]} 23. Qc2 {[%emt 0:02:16]} h6 {[%emt 0:00:15]} 24. a4 {[%emt 0:00:30]} Qe7 {[%emt 0:05:24]} 25. axb5 {[%emt 0:00:55]} axb5 {[%emt 0:00:24]} 26. Qf2 {[%emt 0:01:03]} Bc6 {[%emt 0:02:15]} 27. Ra7 {[%emt 0:01:17]} Qf6 {[%emt 0:01:07]} 28. Ra6 {[%emt 0:01:22]} Re6 {[%emt 0:01:54]} 29. Rb6 {[%emt 0:01:27]} Bd7 {[%emt 0:01:09]} 30. Rb7 {[%emt 0:00:39]} Bc6 {[%emt 0:00:27]} 31. Rb6 {[%emt 0:00:17]} Bd7 {[%emt 0:00:06]} 32. Rxe6 {[%emt 0:00:02]} Qxe6 {[%emt 0:00:18]} 33. Qe2 {[%emt 0:00:14]} Qf6 {[%emt 0:01:06]} 34. h5 {[%emt 0:01:26]} Qd6 {[%emt 0:01:36]} 35. Rd1 {[%emt 0:00:21]} Qe6 {[%emt 0:00:12]} 36. Be4 {[%emt 0:00:24]} Kh8 {[%emt 0:00:12]} 37. Qd2 {[%emt 0:00:32]} Bc8 {[%emt 0:00:09]} 38. Qd6 {[%emt 0:00:12]} Qxd6 {[%emt 0:00:14]} 39. Rxd6 {[%emt 0:00:01]} f5 {[%emt 0:00:10]} 40. Bc6 {[%emt 0:00:20]} b4 {[%emt 0:00:11]} 41. cxb4 {[%emt 0:00:10]} Rf7 {[%emt 0:00:09]} 42. Rd8+ {[%emt 0:00:15]} 1-0

[Event "9th Bangabandhu Rapid Women 2021"]
[Site "Dhaka"]
[Date "2021.04.02"]
[Round "3.3"]
[White "Hamid, Rani"]
[Black "Sultana, Zakia"]
[Result "1-0"]
[WhiteElo "1923"]
[BlackElo "1814"]
[Annotator "NA"]
[PlyCount "96"]
[EventDate "2021.04.02"]
[EventType "swiss"]
[EventCountry "BAN"]
[SourceTitle "playchess.com"]
[Source "ChessBase"]
[SourceQuality "1"]
[TimeControl "1500+10"]

1. e4 {[%emt 0:25:10]} e6 2. d3 {[%emt 0:00:10]} d5 {[%emt 0:25:20]} 3. Qe2 {[%emt 0:00:10]} g6 {[%emt 0:00:10]} 4. Nf3 {[%emt 0:00:10]} Bg7 5. g3 {[%emt 0:00:10]} Ne7 {[%emt 0:00:20]} 6. Bg2 {[%emt 0:00:10]} O-O {[%emt 0:00:10]} 7. O-O {[%emt 0:00:10]} c5 {[%emt 0:00:10]} 8. c3 {[%emt 0:00:10]} Nbc6 {[%emt 0:00:10]} 9. e5 {[%emt 0:00:10]} Qc7 {[%emt 0:00:10]} 10. Re1 {[%emt 0:00:10]} b6 {[%emt 0:00:10]} 11. h4 {[%emt 0:00:10]} Bb7 {[%emt 0:00:10]} 12. Bf4 {[%emt 0:00:10]} Rad8 {[%emt 0:00:10]} 13. Na3 {[%emt 0:00:10]} a6 {[%emt 0:00:10]} 14. Nc2 {[%emt 0:00:10]} b5 {[%emt 0:00:10]} 15. Ne3 {[%emt 0:00:10]} d4 {[%emt 0:00:10]} 16. Ng4 {[%emt 0:00:10]} Nd5 {[%emt 0:00:10]} 17. Bg5 {[%emt 0:00:10]} Rc8 {[%emt 0:00:10]} 18. cxd4 {[%emt 0:00:10]} cxd4 {[%emt 0:00:10]} 19. Rac1 {[%emt 0:00:10]} Qb6 {[%emt 0:00:10]} 20. Nf6+ {[%emt 0:00:10]} Nxf6 {[%emt 0:00:10]} 21. exf6 {[%emt 0:00:10]} Bh8 {[%emt 0:00:10]} 22. h5 {[%emt 0:00:10]} Rfe8 {[%emt 0:00:10]} 23. Nh2 {[%emt 0:00:10]} Nb4 {[%emt 0:00:10]} 24. Ng4 {[%emt 0:00:10]} Bxg2 {[%emt 0:00:10]} 25. Kxg2 {[%emt 0:00:10]} Qb7+ {[%emt 0:00:10]} 26. f3 {[%emt 0:00:10]} Rxc1 {[%emt 0:00:10]} 27. Rxc1 {[%emt 0:00:10]} Rc8 {[%emt 0:00:10]} 28. Nh6+ {[%emt 0:00:10]} Kf8 {[%emt 0:00:10]} 29. hxg6 {[%emt 0:00:10]} hxg6 {[%emt 0:00:10]} 30. Qd2 {[%emt 0:00:10]} Nd5 {[%emt 0:00:10]} 31. Ng4 {[%emt 0:00:10]} Rxc1 {[%emt 0:00:10]} 32. Qxc1 {[%emt 0:00:10]} Qc7 {[%emt 0:00:10]} 33. Bh6+ {[%emt 0:00:10]} Kg8 {[%emt 0:00:10]} 34. Qxc7 {[%emt 0:00:10]} Nxc7 {[%emt 0:00:10]} 35. Bf4 {[%emt 0:00:10]} Nd5 {[%emt 0:00:10]} 36. Be5 {[%emt 0:00:10]} Ne3+ {[%emt 0:00:10]} 37. Nxe3 {[%emt 0:00:10]} dxe3 {[%emt 0:00:10]} 38. f4 {[%emt 0:00:10]} Kf8 {[%emt 0:00:10]} 39. Kf3 {[%emt 0:00:10]} Ke8 40. Kxe3 {[%emt 0:00:10]} Kd7 {[%emt 0:00:20]} 41. Kd4 {[%emt 0:00:10]} Kc6 {[%emt 0:00:10]} 42. b3 {[%emt 0:00:10]} a5 {[%emt 0:00:10]} 43. g4 {[%emt 0:00:10]} Kb6 {[%emt 0:00:10]} 44. a3 {[%emt 0:00:10]} Kc6 45. Ke4 {[%emt 0:00:10]} Kc5 {[%emt 0:00:20]} 46. d4+ {[%emt 0:00:10]} Kc6 {[%emt 0:00:10]} 47. a4 {[%emt 0:00:10]} b4 {[%emt 0:00:10]} 48. d5+ {[%emt 0:00:10]} exd5+ {[%emt 0:00:10]} 1-0

[Event "9th Bangabandhu Rapid Women 2021"]
[Site "Dhaka"]
[Date "2021.04.02"]
[Round "3.4"]
[White "Sultana, Sharmin Shirin"]
[Black "Sabikun Nahar, Tonima"]
[Result "1-0"]
[WhiteElo "2002"]
[BlackElo "1533"]
[Annotator "ChessBase"]
[PlyCount "86"]
[EventDate "2021.04.02"]
[EventType "swiss"]
[EventCountry "BAN"]
[SourceTitle "playchess.com"]
[Source "ChessBase"]
[SourceQuality "1"]
[TimeControl "1500+10"]

1. Nf3 {[%emt 0:25:10]} Nf6 {[%emt 0:25:10]} 2. b3 {[%emt 0:00:10]} g6 {[%emt 0:00:10]} 3. Bb2 {[%emt 0:00:10]} Bg7 4. e3 {[%emt 0:00:10]} c5 {[%emt 0:00:20]} 5. d4 {[%emt 0:00:10]} O-O {[%emt 0:00:10]} 6. Bd3 {[%emt 0:00:10]} Nc6 {[%emt 0:00:10]} 7. O-O {[%emt 0:00:10]} b6 {[%emt 0:00:10]} 8. Nbd2 {[%emt 0:00:10]} Nb4 {[%emt 0:00:10]} 9. Be2 {[%emt 0:00:10]} d6 {[%emt 0:00:10]} 10. a3 {[%emt 0:00:10]} Na6 {[%emt 0:00:10]} 11. Bd3 {[%emt 0:00:10]} Nc7 {[%emt 0:00:10]} 12. Qe2 {[%emt 0:00:10]} Re8 {[%emt 0:00:10]} 13. a4 {[%emt 0:00:10]} Nfd5 {[%emt 0:00:10]} 14. c4 {[%emt 0:00:10]} Nb4 {[%emt 0:00:10]} 15. Bb1 {[%emt 0:00:10]} d5 {[%emt 0:00:10]} 16. Rd1 {[%emt 0:00:10]} Ba6 {[%emt 0:00:10]} 17. Nf1 {[%emt 0:00:10]} e6 {[%emt 0:00:10]} 18. dxc5 {[%emt 0:00:10]} bxc5 {[%emt 0:00:10]} 19. Ng3 {[%emt 0:00:10]} e5 {[%emt 0:00:10]} 20. Qe1 {[%emt 0:00:10]} d4 {[%emt 0:00:10]} 21. exd4 {[%emt 0:00:10]} exd4 {[%emt 0:00:10]} 22. Qd2 {[%emt 0:00:10]} Bb7 {[%emt 0:00:10]} 23. Ne1 {[%emt 0:00:10]} Qd7 {[%emt 0:00:10]} 24. Nd3 {[%emt 0:00:10]} Qc6 {[%emt 0:00:10]} 25. f3 {[%emt 0:00:10]} a5 {[%emt 0:00:10]} 26. Nxb4 {[%emt 0:00:10]} axb4 {[%emt 0:00:10]} 27. Bd3 {[%emt 0:00:10]} f5 {[%emt 0:00:10]} 28. Re1 {[%emt 0:00:10]} Qd6 {[%emt 0:00:10]} 29. Rxe8+ {[%emt 0:00:10]} Rxe8 {[%emt 0:00:10]} 30. Re1 {[%emt 0:00:10]} Be5 {[%emt 0:00:10]} 31. Nf1 {[%emt 0:00:10]} Kg7 {[%emt 0:00:10]} 32. Bc1 {[%emt 0:00:10]} f4 {[%emt 0:00:10]} 33. Qc2 {[%emt 0:00:10]} Re7 {[%emt 0:00:10]} 34. Nd2 {[%emt 0:00:10]} Ne8 {[%emt 0:00:10]} 35. Ne4 {[%emt 0:00:10]} Qc7 {[%emt 0:00:10]} 36. Qf2 {[%emt 0:00:10]} Nd6 {[%emt 0:00:10]} 37. Ng5 {[%emt 0:00:10]} h6 {[%emt 0:00:10]} 38. Nh3 {[%emt 0:00:10]} g5 {[%emt 0:00:10]} 39. Qc2 {[%emt 0:00:10]} Bc6 {[%emt 0:00:10]} 40. Bd2 {[%emt 0:00:10]} Bd7 {[%emt 0:00:10]} 41. Nf2 Qc8 {[%emt 0:00:10]} 42. Ne4 {[%emt 0:00:20]} Nf5 {[%emt 0:00:10]} 43. Kh1 {[%emt 0:00:10]} Qc7 {[%emt 0:00:10]} 1-0

[Event "9th Bangabandhu Rapid Women 2021"]
[Site "Dhaka"]
[Date "2021.04.02"]
[Round "4.1"]
[White "Noshin, Anjum"]
[Black "Hamid, Rani"]
[Result "0-1"]
[WhiteElo "1912"]
[BlackElo "1920"]
[Annotator "NA"]
[PlyCount "70"]
[EventDate "2021.04.02"]
[EventType "swiss"]
[EventCountry "BAN"]
[SourceTitle "playchess.com"]
[Source "ChessBase"]
[SourceQuality "1"]
[TimeControl "1500+10"]

1. e4 {[%emt 0:00:00]} c5 {[%emt 0:00:00]} 2. Nf3 {[%emt 0:00:00]} e6 {[%emt 0:00:00]} 3. d4 {[%emt 0:00:00]} cxd4 {[%emt 0:00:00]} 4. Nxd4 {[%emt 0:00:00]} a6 {[%emt 0:00:00]} 5. Nc3 {[%emt 0:00:04]} Qc7 {[%emt 0:00:00]} 6. Bd3 {[%emt 0:00:03]} Nf6 {[%emt 0:00:07]} 7. f4 {[%emt 0:00:23]} Bb4 {[%emt 0:00:30]} 8. Bd2 {[%emt 0:00:07]} d5 {[%emt 0:00:27]} 9. exd5 {[%emt 0:02:03]} Bxc3 {[%emt 0:00:05]} 10. bxc3 {[%emt 0:02:23]} Nxd5 {[%emt 0:00:07]} 11. O-O {[%emt 0:03:38]} O-O {[%emt 0:03:12]} 12. Qf3 {[%emt 0:03:01]} Bd7 {[%emt 0:00:16]} 13. Kh1 {[%emt 0:00:54]} Nc6 {[%emt 0:00:17]} 14. f5 {[%emt 0:01:46]} Ne5 {[%emt 0:01:40]} 15. Qg3 {[%emt 0:00:50]} Nxd3 {[%emt 0:01:16]} 16. Qxc7 {[%emt 0:00:50]} Nxc7 {[%emt 0:00:02]} 17. cxd3 {[%emt 0:00:56]} e5 {[%emt 0:01:22]} 18. Nb3 {[%emt 0:01:16]} f6 {[%emt 0:01:48]} 19. Nc5 {[%emt 0:01:07]} Bc6 {[%emt 0:00:11]} 20. Rab1 {[%emt 0:00:02]} b5 {[%emt 0:01:30]} 21. Rb4 {[%emt 0:01:10]} Rfd8 {[%emt 0:00:16]} 22. Rg4 {[%emt 0:00:28]} Kh8 {[%emt 0:01:38]} 23. Bc1 {[%emt 0:01:42]} Bd5 {[%emt 0:01:17]} 24. a4 {[%emt 0:00:12]} Bf7 {[%emt 0:01:12]} 25. Re1 {[%emt 0:02:01]} Nd5 {[%emt 0:01:18]} 26. Bd2 {[%emt 0:02:05]} Ne7 {[%emt 0:00:42]} 27. axb5 {[%emt 0:00:25]} axb5 {[%emt 0:00:08]} 28. Rb4 {[%emt 0:00:17]} Ra2 {[%emt 0:00:53]} 29. Ne4 {[%emt 0:01:14]} Bd5 {[%emt 0:01:16]} 30. Bc1 {[%emt 0:00:36]} Bc6 {[%emt 0:00:32]} 31. Rb2 {[%emt 0:00:23]} Rxb2 {[%emt 0:00:27]} 32. Bxb2 {[%emt 0:00:01]} Rxd3 {[%emt 0:00:12]} 33. h3 {[%emt 0:00:18]} Nxf5 {[%emt 0:00:27]} 34. Ba3 {[%emt 0:00:13]} Bxe4 {[%emt 0:00:13]} 35. Rxe4 {[%emt 0:00:01]} Ng3+ {[%emt 0:00:01]} 0-1

[Event "9th Bangabandhu Rapid Women 2021"]
[Site "Dhaka"]
[Date "2021.04.02"]
[Round "4.2"]
[White "Ahmed, Walijah"]
[Black "Sultana, Sharmin Shirin"]
[Result "0-1"]
[WhiteElo "1902"]
[BlackElo "2006"]
[Annotator "NA"]
[PlyCount "140"]
[EventDate "2021.04.02"]
[EventType "swiss"]
[EventCountry "BAN"]
[SourceTitle "playchess.com"]
[Source "ChessBase"]
[SourceQuality "1"]
[TimeControl "1500+10"]

1. e4 {[%emt 0:00:00]} c5 {[%emt 0:00:00]} 2. Nf3 {[%emt 0:00:00]} e6 {[%emt 0:00:00]} 3. d4 {[%emt 0:00:00]} cxd4 {[%emt 0:00:00]} 4. Nxd4 {[%emt 0:00:00]} a6 {[%emt 0:00:00]} 5. Bd3 {[%emt 0:00:01]} Qc7 {[%emt 0:00:08]} 6. O-O {[%emt 0:00:21]} Nc6 {[%emt 0:00:48]} 7. Be3 {[%emt 0:00:36]} Nf6 {[%emt 0:00:17]} 8. c4 {[%emt 0:01:01]} b6 {[%emt 0:01:19]} 9. Qe2 {[%emt 0:00:24]} Bb7 {[%emt 0:01:30]} 10. Nc3 {[%emt 0:01:22]} Ne5 {[%emt 0:02:07]} 11. f3 {[%emt 0:00:24]} Rc8 {[%emt 0:00:25]} 12. b3 {[%emt 0:01:25]} d6 {[%emt 0:01:53]} 13. Rac1 {[%emt 0:00:21]} Be7 {[%emt 0:00:10]} 14. Rfd1 {[%emt 0:00:12]} O-O {[%emt 0:00:03]} 15. Qf2 {[%emt 0:01:34]} Nfd7 {[%emt 0:02:45]} 16. Bf1 {[%emt 0:00:22]} Bf6 {[%emt 0:00:40]} 17. h3 {[%emt 0:03:34]} Nc6 {[%emt 0:02:37]} 18. Nxc6 {[%emt 0:01:46]} Qxc6 {[%emt 0:01:14]} 19. Nd5 {[%emt 0:01:25]} Bd8 {[%emt 0:02:56]} 20. Qg3 {[%emt 0:01:10]} Ne5 {[%emt 0:00:57]} 21. Nb4 {[%emt 0:01:57]} Qc7 {[%emt 0:00:14]} 22. f4 {[%emt 0:00:38]} Ng6 {[%emt 0:01:54]} 23. f5 {[%emt 0:00:49]} Ne5 {[%emt 0:01:02]} 24. Nd3 {[%emt 0:03:51]} exf5 {[%emt 0:01:37]} 25. exf5 {[%emt 0:00:15]} Kh8 {[%emt 0:04:34]} 26. Nf4 {[%emt 0:00:41]} Be4 {[%emt 0:00:00]} 27. Nd5 {[%emt 0:01:33]} Bxd5 {[%emt 0:00:00]} 28. Rxd5 {[%emt 0:01:26]} f6 {[%emt 0:00:00]} 29. Rcd1 {[%emt 0:00:25]} Be7 {[%emt 0:00:00]} 30. Qf2 {[%emt 0:00:08]} Rb8 {[%emt 0:00:00]} 31. g4 {[%emt 0:00:36]} Rfe8 {[%emt 0:00:00]} 32. Bg2 {[%emt 0:00:02]} b5 {[%emt 0:00:00]} 33. cxb5 {[%emt 0:00:10]} axb5 {[%emt 0:00:05]} 34. Rc1 {[%emt 0:00:45]} Qa5 {[%emt 0:00:10]} 35. Qc2 {[%emt 0:00:33]} Qb4 {[%emt 0:00:24]} 36. Rd4 {[%emt 0:00:15]} Qa5 {[%emt 0:00:10]} 37. Bd5 {[%emt 0:00:16]} Qa6 {[%emt 0:00:21]} 38. Kf2 {[%emt 0:00:05]} Rbc8 {[%emt 0:00:03]} 39. Qe2 {[%emt 0:00:24]} Rxc1 {[%emt 0:00:09]} 40. Bxc1 {[%emt 0:00:01]} Rc8 {[%emt 0:00:01]} 41. Bf4 {[%emt 0:00:13]} Qa7 {[%emt 0:00:29]} 42. Be3 {[%emt 0:00:12]} Bd8 {[%emt 0:00:05]} 43. Rc4 {[%emt 0:00:07]} Qb8 {[%emt 0:00:06]} 44. Rc2 {[%emt 0:00:09]} b4 {[%emt 0:00:17]} 45. Be6 {[%emt 0:00:09]} Rc7 {[%emt 0:00:07]} 46. Qd2 {[%emt 0:00:20]} Be7 {[%emt 0:00:03]} 47. Bf4 {[%emt 0:00:15]} Qb6+ {[%emt 0:00:24]} 48. Be3 {[%emt 0:00:01]} Qb7 {[%emt 0:00:04]} 49. Rxc7 {[%emt 0:00:24]} Qxc7 {[%emt 0:00:01]} 50. Bd5 {[%emt 0:00:17]} Qa5 {[%emt 0:00:18]} 51. Be4 {[%emt 0:00:14]} Qa6 {[%emt 0:00:37]} 52. Qc2 {[%emt 0:00:09]} h6 {[%emt 0:00:11]} 53. Bd4 {[%emt 0:00:14]} Kh7 {[%emt 0:00:14]} 54. Qe2 {[%emt 0:00:13]} Qa5 {[%emt 0:00:09]} 55. Be3 {[%emt 0:00:02]} Qc7 {[%emt 0:00:04]} 56. Qc2 {[%emt 0:00:02]} Qb8 {[%emt 0:00:06]} 57. Bd5 {[%emt 0:00:07]} Bd8 {[%emt 0:00:12]} 58. Qd2 {[%emt 0:00:10]} Bb6 {[%emt 0:00:03]} 59. Kg3 {[%emt 0:00:15]} Qa7 {[%emt 0:00:11]} 60. Bxb6 {[%emt 0:00:08]} Qxb6 {[%emt 0:00:01]} 61. Qf2 {[%emt 0:00:01]} Qb5 {[%emt 0:00:06]} 62. Be4 {[%emt 0:00:16]} d5 {[%emt 0:00:06]} 63. Bf3 {[%emt 0:00:14]} Qd3 {[%emt 0:00:11]} 64. Kg2 {[%emt 0:00:04]} d4 {[%emt 0:00:04]} 65. Be2 {[%emt 0:00:21]} Qe4+ {[%emt 0:00:09]} 66. Bf3 {[%emt 0:00:05]} Nxf3 {[%emt 0:00:22]} 67. Qxf3 {[%emt 0:00:04]} Qc2+ {[%emt 0:00:01]} 68. Qf2 {[%emt 0:00:01]} d3 {[%emt 0:00:02]} 69. g5 {[%emt 0:00:19]} hxg5 {[%emt 0:00:10]} 70. Kg3 {[%emt 0:00:06]} d2 {[%emt 0:00:11]} 0-1